Victoriano García Martí, paisajes literarios de una vida / (Record no. 67484)

MARC details
000 -LEADER
campo de control de longitud fija 00932nam a2200241 i 4500
001 - NÚMERO DE CONTROL
campo de control 67484
003 - IDENTIFICADOR DE NÚMERO DE CONTROL
campo de control ES-MaACL
005 - FECHA Y HORA DE LA ÚLTIMA TRANSACCIÓN
campo de control 20231227184714.0
007 - CAMPO FIJO DE DESCRIPCIÓN FÍSICA--INFORMACIÓN GENERAL
campo de control de longitud fija t|
008 - DATOS DE LONGITUD FIJA--INFORMACIÓN GENERAL
campo de control de longitud fija 040601s2003 sp ||||0| spa d
040 ## - FUENTE DE CATALOGACIÓN
Centro catalogador/agencia de origen M-BN
Lengua de catalogación spa
Centro/agencia transcriptor M-BN
080 ## - NÚMERO DE LA CLASIFICACIÓN DECIMAL UNIVERSAL
Número de la Clasificación Decimal Universal 929 García Martí, Victoriano
080 ## - NÚMERO DE LA CLASIFICACIÓN DECIMAL UNIVERSAL
Número de la Clasificación Decimal Universal 94(460.111 Pobra)
100 1# - ENTRADA PRINCIPAL--NOMBRE DE PERSONA
Nombre de persona Casanova Fernández, Fernando.
9 (RLIN) 36113
245 10 - MENCIÓN DEL TÍTULO
Título Victoriano García Martí, paisajes literarios de una vida /
Mención de responsabilidad, etc. Fernando Casanova Fernández.
260 ## - PUBLICACIÓN, DISTRIBUCIÓN, ETC.
Lugar de publicación, distribución, etc. [Pobra do Caramiñal] :
Nombre del editor, distribuidor, etc. Concello da Pobra do Caramiñal ;
Lugar de publicación, distribución, etc. [Padrón] :
Nombre del editor, distribuidor, etc. Fundación Ruta Xacobea do Mar de Arousa e Ulla,
Fecha de publicación, distribución, etc. [2003]
300 ## - DESCRIPCIÓN FÍSICA
Extensión [53] p. :
Otras características físicas il. col. ;
Dimensiones 23 cm.
600 14 - PUNTO DE ACCESO ADICIONAL DE MATERIA--NOMBRE DE PERSONA
Nombre de persona García Martí, Victoriano,
Fechas asociadas al nombre 1881-1966
9 (RLIN) 54896
651 #4 - PUNTO DE ACCESO ADICIONAL DE MATERIA--NOMBRE GEOGRÁFICO
Nombre geográfico A Pobra do Caramiñal-
Subdivisión general Historia.
9 (RLIN) 7587
710 2# - ENTRADA AGREGADA--NOMBRE DE ENTIDAD CORPORATIVA
Nombre de entidad corporativa o nombre de jurisdicción como elemento de entrada Fundación Ruta Xacobea do Mar de Arousa e Ulla.
9 (RLIN) 4409
852 ## - LOCALIZACIÓN
Ubicación ES-MaACL
Número de control de estantería L-27768
Sublocalización o colección R.133360
Holdings
Estatus retirado Estado de pérdida Estado de daño No para préstamo Biblioteca de origen Biblioteca actual Ubicación en estantería Fecha de adquisición Fuente de adquisición Total de préstamos Signatura topográfica completa Código de barras Visto por última vez Precio de reemplazo Tipo de ítem Koha
        Biblioteca del Ateneo de Madrid Biblioteca del Ateneo de Madrid Depósito 2 17/01/2008     L-27768 1070665 23/02/2023 23/02/2023 Libro impreso